Statistics for Cincinnati Basketball: Top 10 All-Time Leaders

Click here to take the quiz!

General Stats

  • This quiz has been taken 13 times
    (0 since last reset)
  • The average score is 0 of 90

Answer Stats

Category#PlayerAmount% Correct
Blocks10Art Long106
0%
Field Goal Percent4Bob Miller56.1%
0%
Rebounds5Bob Miller1,060
0%
Three Pointers Made9Cashmere Wright186
0%
Assists3Cashmere Wright482
0%
Steals1Cashmere Wright198
0%
GamesT2Cashmere Wright139
0%
Blocks9Cheikh Mbodji109
0%
Rebounds9Connie Dierking929
0%
Three Pointers Made10Damon Flint177
0%
Steals9Damon Flint147
0%
Assists7Damon Flint407
0%
Points5Danny Fortson1,881
0%
Field Goal Percent3Danny Fortson56.5%
0%
Points Per Game4Danny Fortson18.8
0%
Steals2Darnell Burton184
0%
Three Pointers Made3Darnell Burton306
0%
Assists8David DeJulius358
0%
Three Pointers MadeT1Deonta Vaughn313
0%
Points4Deonta Vaughn1,885
0%
Steals3Deonta Vaughn172
0%
Assists2Deonta Vaughn511
0%
Points Per Game8Derrek Dickey17.0
0%
GamesT4Dion Dixon137
0%
Blocks6Donald Little153
0%
Rebounds6Dwight Jones983
0%
Blocks2Eric Hicks256
0%
Three Pointers Made4Field Williams262
0%
Rebounds3Gary Clark1,132
0%
Steals5Gary Clark163
0%
GamesT2Gary Clark139
0%
Blocks5Gary Clark180
0%
Field Goal Percent10George Wilson50.5%
0%
Field Goal Percent7Herb Jones52.8%
0%
Points Per Game6Herb Jones17.1
0%
Rebounds2Jack Twyman1,242
0%
Points Per Game5Jack Twyman17.8
0%
Three Pointers Made7Jarron Cumberland223
0%
Games10Jarron Cumberland133
0%
Points7Jarron Cumberland1,782
0%
Assists6Jarron Cumberland415
0%
Field Goal Percent8Jason Maxiell50.7%
0%
Blocks3Jason Maxiell251
0%
Three Pointers Made8Jeremiah Davenport205
0%
Rebounds8Jim Ard941
0%
Points Per Game9Jim Ard16.5
0%
Steals10Justin Jackson143
0%
Blocks4Justin Jackson218
0%
GamesT6Justin Jackson136
0%
Assists10Keith LeGee315
0%
Assists9Kenny Satterfield355
0%
Blocks1Kenyon Martin292
0%
Field Goal Percent1Kenyon Martin58.6%
0%
GamesT6Kevin Johnson136
0%
Three Pointers Made5LaZelle Durden260
0%
Points Per Game2Lloyd Batts20.1
0%
Points10Louis Banks1,644
0%
Steals6Louis Banks153
0%
Blocks8Octavius Ellis119
0%
Rebounds1Oscar Robertson1,338
0%
Points Per Game1Oscar Robertson33.8
0%
Field Goal Percent5Oscar Robertson53.5%
0%
Points1Oscar Robertson2,973
0%
Assists5Oscar Robertson425
0%
Points8Pat Cummings1,762
0%
Field Goal Percent2Pat Cummings58.1%
0%
Points Per Game7Pat Cummings17.1
0%
Rebounds4Paul Hogue1,088
0%
Field Goal Percent6Paul Hogue52.9%
0%
Rebounds7Rick Roberson945
0%
Field Goal Percent9Rick Roberson50.5%
0%
Points Per Game10Rick Roberson15.7
0%
Points6Roger McClendon1,789
0%
Points Per Game3Ron Bonham19.6
0%
Points9Ron Bonham1,666
0%
Points2Sean Kilpatrick2,145
0%
Three Pointers MadeT1Sean Kilpatrick313
0%
Steals4Sean Kilpatrick166
0%
Games1Sean Kilpatrick140
0%
Assists4Steve Logan456
0%
Points3Steve Logan1,985
0%
GamesT8Steve Logan135
0%
Three Pointers Made6Steve Logan258
0%
Steals8Tarrance Gibson150
0%
GamesT8Tre Scott135
0%
GamesT4Troy Caupain137
0%
Steals7Troy Caupain151
0%
Assists1Troy Caupain515
0%
Blocks7Yancy Gates134
0%
Rebounds10Yancy Gates916
0%

Score Distribution

Percentile by Number Answered

Percent of People with Each Score

Your Score History

You have not taken this quiz since the last reset